Signs - Tate McRae - Statistics

General Stats
  • This quiz has been taken 82 times
  • The average score is 297 of 362
Answer Stats
% Correct
I
98%
"I
98%
me,
96%
me
96%
you
96%
You
96%
you"
96%
"You
96%
(You
96%
it
94%
know
94%
know,
94%
Know
94%
signs
94%
signs)
94%
the
94%
a
92%
like,
92%
like
92%
no
92%
see
92%
(See
92%
See
92%
should
92%
So
92%
better,"
90%
better,
90%
better
90%
do
90%
go"
88%
"Go
88%
If
88%
my
88%
need
88%
Say,
88%
say,
88%
say
88%
Say
88%
your
88%
boy
86%
boy,
86%
"I'm
86%
I'm
86%
in
86%
That
86%
that
86%
this
86%
to
86%
you're
86%
"You're
86%
hate
84%
on
84%
quick
84%
And
82%
and
82%
It's
82%
it's
82%
Just
82%
just
82%
mind,
82%
mind
82%
more"
82%
now
82%
Now
82%
read
82%
Read
82%
don't
80%
Don't
80%
for
80%
For
80%
means
80%
oh
80%
have
78%
one
78%
tell
78%
wanna
78%
all
76%
look
76%
or
76%
some
76%
at
73%
not
73%
out
73%
Shouldn't
73%
door
71%
That's
71%
that's
71%
trouble"
71%
whatever,
71%
fun,
69%
mad"
69%
Okay,
69%
sex,
69%
babe,"
67%
love
67%
pissed
67%
Said
67%
scientist
67%
short
65%
best
63%
of
63%
somethin'
63%
space,"
63%
figure
61%
good
61%
intelligent
61%
lately
61%
we're
61%
damn
59%
crazy
57%
day
57%
opposite
57%
rocket
57%
Thinkin'
57%
touch
57%
classic
55%
take
55%
away
53%
make
53%
sake
53%
God's
51%
believe
49%
pushin'
49%
habit,
47%
silences
47%
doin'
45%
word
45%
kinda
43%
telepathic
43%
might
41%
batshit
39%
Instead
39%
Assumin'
29%
should've
20%
known)
18%
No matching quizzes found
Score Distribution
Percent of People with Each Score
Percentile by Number Answered
Your Score History
You have not taken this quiz